The U.S. Geological Survey in the early 1900s : reminiscences of D. Foster Hewett, Adolph Knopf, and Frank C. Calkins.

Bibliographic Details
Main Author: Hewett, D. F. (Donnell Foster), 1881-
Corporate Author: Geological Survey (U.S.)
Other Authors: Knopf, Adolph, 1882-1966, Calkins, Frank C., Diggles, M. F.
Format: Government Document Software eBook
Language:English
Published: [Menlo Park, Calif.] : The Survey ; 1998.
Series:U.S. Geological Survey open-file report ; 97-267-C.
Subjects:

MARC

Tag First Indicator Second Indicator Subfields
LEADER 00000cmm a2200000 a 4500
001 in00000001780
005 20151007050656.0
006 e a f 0
007 cm cgu
008 981128s1998 cau u f eng d
035 |a (OCoLC)40409245 
035 |9 AJC5957AM 
040 |d CUV  |d GPO  |d DLC  |d MvI  |d UtOrBLW 
049 |a UDOC 
074 |a 0624-H 
086 0 |a I 19.76:97-267-C 
090 |a QE76  |b .H49 1998 
092 |a CD ROM 550.973  |b H493u 
100 1 |a Hewett, D. F.  |q (Donnell Foster),  |d 1881- 
245 1 4 |a The U.S. Geological Survey in the early 1900s :  |b reminiscences of D. Foster Hewett, Adolph Knopf, and Frank C. Calkins. 
246 2 |a United States Geological Survey in the early 1900s 
246 3 0 |a Reminiscences of D. Foster Hewett, Adolph Knopf, and Frank C. Calkins 
246 1 |i Title on cover of container:  |a USGS in the early 1900s 
264 1 |a [Menlo Park, Calif.] :  |b The Survey ;  |c 1998. 
264 2 |a Denver, CO :  |b For sale by the USGS Information Services, 
300 |a 2 computer optical discs ;  |c 4 3/4 in. 
336 |a computer program  |b cop  |2 rdacontent 
337 |a computer  |b c  |2 rdamedia 
338 |a computer disc  |b cd  |2 rdacarrier 
490 1 |a U.S. Geological Survey open-file report ;  |v 97-267-C 
538 |a System requirements: CD player, or, computer with CD-ROM drive and audio-CD-player software. 
500 |a Title from disc label. 
500 |a Shipping list number 99-0006-E. 
518 |a Recorded at a dinner party in Menlo Park, California, in December, 1962; copied and then re-recorded on cassettes; and in 1998 digitized onto 2 audio CDs by Michael F. Diggles. 
530 |a Also available in paper copy as Open-file report 97-267-A. 
500 |a Computer file. 
600 1 0 |a Hewett, D. F.  |q (Donnell Foster),  |d 1881- 
600 1 0 |a Knopf, Adolph,  |d 1882-1966. 
600 1 0 |a Calkins, Frank C. 
610 2 0 |a Geological Survey (U.S.)  |x History. 
700 1 |a Knopf, Adolph,  |d 1882-1966. 
700 1 |a Calkins, Frank C. 
700 1 |a Diggles, M. F. 
710 2 |a Geological Survey (U.S.) 
830 0 |a U.S. Geological Survey open-file report ;  |v 97-267-C. 
999 |a MARS 
999 f f |s e443b882-32fc-371f-8fb3-96c80a688243  |i a40bb028-a418-3213-aef8-fdad5292cfd2  |t 0 
952 f f |p normal  |a Texas A&M University  |b College Station  |c Sterling C. Evans Library  |d Evans: US Documents CD-ROMs (Annex 5th floor)  |t 0  |e I 19.76:97-267-C  |h Superintendent of Documents classification  |i computer -- computer disc  |m A14824401877 
998 f f |a I 19.76:97-267-C  |t 0  |l Evans: US Documents CD-ROMs (Annex 5th floor)